00439nam a2200157 a 45000010005000000030009000050080041000140400028000550820015000831000019000982450068001172600039001853000015002246500017002396500025002566508CO-ViMGA141112s2004 ck r 000 u spa d aCO-ViMGAbspacCO-ViMGA04a724.9 S2441 aSchildt, Coran10aAlvar Aalto : bobra completa : barquitectura, arte y diseño aBarcelona : bGustavo Gili, c1996 a318 p : il14aAALTO, ALVAR14aARQUITECTURA MODERNA